Gezielte Blicke /

Bibliographic Details
Main Author: Morshäuser, Bodo, 1953-
Format: Book
Language:German
Published: Berlin : Transit, [1995]
Subjects:

MARC

Tag First Indicator Second Indicator Subfields
LEADER 00000cam a2200000 a 4500
001 in00001266708
005 20151003095242.0
008 951011s1995 gw 000 1 ger d
020 |a 3887470958 
035 |a (OCoLC)33271534 
035 |9 AGV8949AM 
040 |a LRU  |c LRU  |d TXA  |d UtOrBLW 
049 |a TXAM 
090 |a PT2673.O665  |b G4 1995 
100 1 |a Morshäuser, Bodo,  |d 1953- 
245 1 0 |a Gezielte Blicke /  |c Bodo Morshäuser. 
264 1 |a Berlin :  |b Transit,  |c [1995] 
264 4 |c ©1995 
300 |a 78 pages ;  |c 24 cm. 
336 |a text  |b txt  |2 rdacontent 
337 |a unmediated  |b n  |2 rdamedia 
338 |a volume  |b nc  |2 rdacarrier 
651 0 |a Germany  |x History  |y 1945-  |x Fiction. 
999 |a MARS 
999 f f |s c55cfa41-c239-3650-9454-9e1b3f04a7ab  |i 61c78aa9-6995-39c9-b860-24d302a1e426  |t 0 
952 f f |p ric  |a Texas A&M University  |b Rellis Campus  |c Joint Library Facility  |d Remote Storage  |t 0  |e PT2673.O665 G4 1995  |h Library of Congress classification  |i unmediated -- volume  |m A14819833530 
998 f f |a PT2673.O665 G4 1995  |t 0  |l Remote Storage